Le bolchevisme dans l'impasse / (Record no. 86724)

MARC details
000 -LEADER
campo de control de longitud fija 00660nam a2200193 i 4500
001 - NÚMERO DE CONTROL
campo de control 86724
003 - IDENTIFICADOR DE NÚMERO DE CONTROL
campo de control ES-MaACL
005 - FECHA Y HORA DE LA ÚLTIMA TRANSACCIÓN
campo de control 20230906175519.0
007 - CAMPO FIJO DE DESCRIPCIÓN FÍSICA--INFORMACIÓN GENERAL
campo de control de longitud fija t|
008 - DATOS DE LONGITUD FIJA--INFORMACIÓN GENERAL
campo de control de longitud fija 041215s1931 fr ||||1| fre d
100 1# - ENTRADA PRINCIPAL--NOMBRE DE PERSONA
Nombre de persona Kautsky, Karl.
9 (RLIN) 67661
245 13 - MENCIÓN DEL TÍTULO
Título Le bolchevisme dans l'impasse /
Mención de responsabilidad, etc. Karl Kautsky ; avec une préface inédite de l'auteur pour l'édition française ; traduit par Bracke.
260 ## - PUBLICACIÓN, DISTRIBUCIÓN, ETC.
Lugar de publicación, distribución, etc. Paris :
Nombre del editor, distribuidor, etc. La Russie opprimée,
Fecha de publicación, distribución, etc. 1931 (
Fabricante Imp. Voltaire)
300 ## - DESCRIPCIÓN FÍSICA
Extensión 162 p. ;
Dimensiones 18 cm.
650 #4 - PUNTO DE ACCESO ADICIONAL DE MATERIA--TÉRMINO DE MATERIA
Término de materia o nombre geográfico como elemento de entrada Comunismo-
Subdivisión geográfica URSS.
9 (RLIN) 11227
651 #4 - PUNTO DE ACCESO ADICIONAL DE MATERIA--NOMBRE GEOGRÁFICO
Nombre geográfico URSS-
Subdivisión general Situación económica-
Subdivisión cronológica 1900-1945.
9 (RLIN) 172457
700 1# - ENTRADA AGREGADA--NOMBRE PERSONAL
Nombre de persona Bracke.
9 (RLIN) 31242
852 ## - LOCALIZACIÓN
Ubicación ES-MaACL
Número de control de estantería F-13832
Holdings
Estatus retirado Estado de pérdida Estado de daño No para préstamo Biblioteca de origen Biblioteca actual Ubicación en estantería Fecha de adquisición Fuente de adquisición Total de préstamos Signatura topográfica completa Código de barras Visto por última vez Precio de reemplazo Tipo de ítem Koha
        Biblioteca del Ateneo de Madrid Biblioteca del Ateneo de Madrid Sala Pecera Planta 2 17/01/2008     F-13832 1090615 23/02/2023 23/02/2023 Libro impreso